El origen de la familia, la propiedad privada y el Estado / (Registro nro. 48215)

Detalles MARC
000 -LEADER
fixed length control field 01340nam a2200337 4500
001 - CONTROL NUMBER
control field 0000013097
003 - CONTROL NUMBER IDENTIFIER
control field CO-CtgCURN
005 - DATE AND TIME OF LATEST TRANSACTION
control field 20250506203500.0
008 - FIXED-LENGTH DATA ELEMENTS--GENERAL INFORMATION
fixed length control field 160627s2013 000 0 eng d
040 ## - CATALOGING SOURCE
Original cataloging agency CO-CtgCURN
Language of cataloging spa
Transcribing agency coctgcurn
082 0# - DEWEY DECIMAL CLASSIFICATION NUMBER
Classification number 301.42
Item number En57o
100 1# - MAIN ENTRY--PERSONAL NAME
Personal name Engels, Federico.
245 13 - TITLE STATEMENT
Title El origen de la familia, la propiedad privada y el Estado /
Statement of responsibility, etc. Federico Engels; introducción y traducción de Enrique Luque.
260 ## - PUBLICATION, DISTRIBUTION, ETC.
Place of publication, distribution, etc. Madrid :
Name of publisher, distributor, etc. Alianza,
Date of publication, distribution, etc. 2013.
300 ## - PHYSICAL DESCRIPTION
Extent 309 p.
336 ## - CONTENT TYPE
Source rdacontent
337 ## - MEDIA TYPE
Source rdamedia
Media type term sin mediacion
Media type code n
338 ## - CARRIER TYPE
Source rdacarrier
Carrier type term volumen
Carrier type code nc
490 1# - SERIES STATEMENT
Series statement El libro de bolsillo
500 ## - GENERAL NOTE
General note Incluye índice.
500 ## - GENERAL NOTE
General note Incluye notas.
505 8# - FORMATTED CONTENTS NOTE
Formatted contents note Estadios prehistóricos de cultura -- La familia -- La gens iroquesa -- La gens griega -- Génesis del Estado ateniense -- La gens y el Estado en Roma -- La gens entre los celtas y entre los germanos -- La formación del Estado de los germanos -- Barbarie y civilizacin
650 #0 - SUBJECT ADDED ENTRY--TOPICAL TERM
Topical term or geographic name entry element Origen del Estado.
650 #0 - SUBJECT ADDED ENTRY--TOPICAL TERM
Topical term or geographic name entry element Familia.
650 #0 - SUBJECT ADDED ENTRY--TOPICAL TERM
Topical term or geographic name entry element Sociología
Form subdivision Ensayos, conferencias, etc.
650 #0 - SUBJECT ADDED ENTRY--TOPICAL TERM
Topical term or geographic name entry element Familia
General subdivision Historia.
700 1# - ADDED ENTRY--PERSONAL NAME
Personal name Luque, Enrique,
Titles and other words associated with a name Traductor.
908 ## - PUT COMMAND PARAMETER (RLIN)
Put command parameter 160627
942 ## - ADDED ENTRY ELEMENTS (KOHA)
Koha item type Libros
Classification part 301.42
Item part En57o
Source of classification or shelving scheme Dewey Decimal Classification
Koha issues (borrowed), all copies 1
999 ## - SYSTEM CONTROL NUMBERS (KOHA)
-- 1
Existencias
Withdrawn status Lost status Source of classification or shelving scheme Damaged status Not for loan Home library Current library Shelving location Date acquired Inventory number Total checkouts Full call number Barcode Date last seen Date last checked out Copy number Price effective from Koha item type Public note
    Dewey Decimal Classification     Miguel Henríquez Castañeda Miguel Henríquez Castañeda General 03/04/2019 008906 1 301.42 En57o 008906 08/18/2023 08/15/2023 ej.1 03/04/2019 Libros 300-CIENSO